| Tag |
First Indicator |
Second Indicator |
Subfields |
| LEADER |
00000cam a2200000 i 4500 |
| 001 |
in00000055999 |
| 005 |
20151008052340.0 |
| 008 |
760308s1975 it a b 10010 eng |
| 010 |
|
|
|a 76455600
|
| 015 |
|
|
|a It76-Feb
|
| 020 |
|
|
|c L31800
|
| 035 |
|
|
|a (OCoLC)02092320
|
| 035 |
|
|
|9 AAH2951AM
|
| 040 |
|
|
|a DLC
|c DLC
|d TXA
|d UtOrBLW
|
| 049 |
|
|
|a TXAM
|c [1242946]
|
| 050 |
0 |
0 |
|a QC718.5.D5
|b C68 1975a
|
| 111 |
2 |
|
|a Course on Plasma Diagnostics and Data Acquisition Systems
|d (1975 :
|c Varenna, Italy)
|
| 245 |
1 |
0 |
|a Course on Plasma Diagnostics and Data Acquisition systems :
|b Varenna, Villa Monastero, Italy, September 3-11, 1975, C.N.R.-Euratom, Laboratorio di fisica del plasma, Milano, Italy /
|c International School of Plasma Phyas printeds ; edited by A. [as printed] Eubank and E. Sindoni.
|
| 264 |
|
2 |
|a Bologna :
|b Compositori ; New york : distributed by Pergamon Press,
|c 1975.
|
| 300 |
|
|
|a 452 pages :
|b illustrations ;
|c 30 cm.
|
| 336 |
|
|
|a text
|b txt
|2 rdacontent
|
| 337 |
|
|
|a unmediated
|b n
|2 rdamedia
|
| 338 |
|
|
|a volume
|b nc
|2 rdacarrier
|
| 504 |
|
|
|a Includes bibliographical references.
|
| 650 |
|
0 |
|a Plasma diagnostics
|v Congresses.
|
| 700 |
1 |
|
|a Eubank, H. P.
|
| 700 |
1 |
|
|a Sindoni, E.
|q (Elio)
|
| 710 |
2 |
|
|a Laboratorio di fisica del plasma e di elettronica quantistica.
|
| 710 |
2 |
|
|a International School of Plasma Physics.
|
| 999 |
|
|
|a MARS
|
| 999 |
f |
f |
|s b1e4bb1a-c6b8-392a-a8c9-02b3ba76cdbb
|i 47605f82-09fc-3929-8335-499d8bccdd81
|t 0
|
| 952 |
f |
f |
|p normal
|a Texas A&M University
|b College Station
|c Sterling C. Evans Library
|d Evans: Library Stacks
|t 0
|e QC718.5.D5 C68 1975a
|h Library of Congress classification
|i unmediated -- volume
|m A14804642102
|
| 998 |
f |
f |
|a QC718.5.D5 C68 1975a
|t 0
|l Evans: Library Stacks
|